000 00590nam a22001817a 4500
003 NUST
005 20260312111647.0
008 260312b ||||| |||| 00| 0 eng d
020 _a 978-3319532011
082 _a550.28
_bAZE
100 _a Leonardo Azevedo, Amílcar Soares.
_9133674
245 _aGeostatistical Methods for Reservoir Geophysics /
_bAdvances in Oil and Gas Exploration & Production /
_cLeonardo Azevedo, Amílcar Soares.
250 _a 1st edition
260 _aSwitzerland:
_bSpringer,
_c2017.
300 _a141 p ;
_c31.2 cm
563 _aHardcover
942 _2ddc
_cBK
999 _c616637
_d616637